| 000 | 00722nam a2200217Ia 4500 | ||
|---|---|---|---|
| 003 | GCL | ||
| 008 | 140319s9999 xx 000 0 ara d | ||
| 040 |
_aGCL / _cGCL |
||
| 082 | 0 | 4 |
_a331.137 _bج ش |
| 245 | 1 | 0 | _aالشباب وازمة البطالة : التحديات والاشكاليات |
| 260 |
_aالقاهرة : _bجمعية المراة و المجتمع ، _c2003 |
||
| 300 |
_a31 ص ؛ _c24 سم |
||
| 650 | 0 | 4 | _aالعمل والعمال |
| 650 | 0 | 4 | _aالبطالة |
| 650 | 0 | 4 | _aالقوى العاملة |
| 650 | 0 | 4 | _aالاجتماع، علم |
| 650 | 0 | 4 | _aحق العمل |
| 650 | 0 | 4 | _aالمشاكل الاجتماعية |
| 650 | 0 | 4 | _aالكساد الاقتصادى - مصر |
| 942 |
_2ddc _cBK |
||
| 999 |
_c7050 _d7050 |
||